000 00262 a2200121 4500
001 147014
040 _cEscola São Tomás de Aquino
100 _aFRANCO, Blandina
240 1 0 _aErnesto
_lpor
245 1 0 _aErnesto
697 _a*LITERATURA INFANTO
942 _cBK
999 _c147014
_d147014